00804nam a2200241 i 450000100060000000300090000600500170001500700030003200800410003502000180007608000260009408000230012010000260014324501590016926000330032830000300036149000300039160000230042170000290044470000190047383000370049285200330052919257ES-MaACL20250824222027.0t|020708s2002 sp ||||1| spa d a84-7844-588-9 a929 Casanova, Giacomo a821.511.141-83"19"1 aSzentkuthy, Miklós.10aA propósito de Casanova b: notas marginales / cMiklós Szentkuthy ; prólogo de Angel Rodríguez Abad ; traducción del húngaro de Judit Xantus. aMadrid : bSiruela, c[2002] a273 p. : bil. ; c22 cm.1 aLibros del tiempo ; v14314aCasanova, Giacomo.1 aRodríguez Abad, Angel.1 aXantus, Judit.00aLibros del tiempo (Siruela)v143 aES-MaACLjL-25692 bR.131482